<?xml version="1.0" encoding="UTF-8"?>
<record
    xmlns:xsi="http://www.w3.org/2001/XMLSchema-instance"
    xsi:schemaLocation="http://www.loc.gov/MARC21/slim http://www.loc.gov/standards/marcxml/schema/MARC21slim.xsd"
    xmlns="http://www.loc.gov/MARC21/slim">

  <leader>05483nam a2200385 a 4500</leader>
  <controlfield tag="001">dia_960</controlfield>
  <controlfield tag="003">CHAP</controlfield>
  <controlfield tag="005">20250623154933.0</controlfield>
  <controlfield tag="007">ta</controlfield>
  <controlfield tag="008">220601s2000    mx ad  fr     001 0 spa d</controlfield>
  <datafield tag="020" ind1=" " ind2=" ">
    <subfield code="a">968-18-5310-5</subfield>
  </datafield>
  <datafield tag="020" ind1=" " ind2=" ">
    <subfield code="a">978-968-18-5310-5</subfield>
  </datafield>
  <datafield tag="040" ind1=" " ind2=" ">
    <subfield code="a">mxchpua</subfield>
    <subfield code="c">CHAP</subfield>
    <subfield code="e">rda</subfield>
  </datafield>
  <datafield tag="050" ind1="1" ind2=" ">
    <subfield code="a">QA401 </subfield>
    <subfield code="b">.K74 2000</subfield>
  </datafield>
  <datafield tag="082" ind1=" " ind2=" ">
    <subfield code="2">20</subfield>
    <subfield code="a">517.38 </subfield>
    <subfield code="b">K74 2000</subfield>
  </datafield>
  <datafield tag="100" ind1="1" ind2=" ">
    <subfield code="a">Kreyszig, Erwin</subfield>
    <subfield code="9">63918</subfield>
  </datafield>
  <datafield tag="240" ind1="1" ind2="0">
    <subfield code="a">Advanced engineering mathematics.</subfield>
    <subfield code="l">Espa&#xF1;ol</subfield>
  </datafield>
  <datafield tag="245" ind1="1" ind2="0">
    <subfield code="a">Matem&#xE1;ticas avanzadas para ingenier&#xED;a / </subfield>
    <subfield code="c">Erwin Kreyszig ; traductores Rodolfo Pi&#xF1;a Garc&#xED;a y Hugo Villag&#xF3;mez Vel&#xE1;zquez</subfield>
  </datafield>
  <datafield tag="250" ind1=" " ind2=" ">
    <subfield code="a">3a edici&#xF3;n</subfield>
  </datafield>
  <datafield tag="300" ind1=" " ind2=" ">
    <subfield code="a">2 vol&#xFA;menes :</subfield>
    <subfield code="b">ilustraciones, gr&#xE1;ficas, diagramas, tablas</subfield>
  </datafield>
  <datafield tag="504" ind1=" " ind2=" ">
    <subfield code="a">Bibliograf&#xED;a: p. 623-628</subfield>
  </datafield>
  <datafield tag="505" ind1="0" ind2=" ">
    <subfield code="a">VOLUMEN 1: --
PARTE A. ECUACIONES DIFERENCIALES ORDINARIAS --
1. Ecuaciones diferenciales de primer orden --
2. Ecuaciones diferenciales lineales de segundo orden --
3. Ecuaciones diferenciales lineales de orden superior --
4. Sistemas de ecuaciones diferenciales. Plano fase, estabilidad --
5. Soluciones en series de potencias de las ecuaciones diferenciales. Funciones especiales --
6. Transformada de Laplace --
PARTE B: &#xC1;LGEBRA LINEAL, C&#xC1;LCULO VECTORIAL --
7. &#xC1;lgebra lineal: matrices, vectores, determinantes --
8. C&#xE1;lculo diferencial vectorial. Gradiente, divergencia, rotacional --
9. C&#xE1;lculo integral vectorial. Teoremas sobre integrales --
PARTE C: AN&#xC1;LISIS DE FOURIER Y ECUACIONES DIFERENCIALES PARCIALES --
10. Series, integrales y transformadas de Fourier --
11. Ecuaciones diferenciales parciales --
PARTE D: AN&#xC1;LISIS COMPLEJO --
12. N&#xFA;meros complejos. Funciones anal&#xED;ticas complejas --
13. Integraci&#xF3;n compleja --
14. Series de potencias, series de Taylor, series de Laurent --
15. Integraci&#xF3;n por el m&#xE9;todo de residuos --
16. Mapeo conforme --
17. An&#xE1;lisis complejo aplicado a la teor&#xED;a del potencial --
PARTE E: M&#xC9;TODOS NUM&#xC9;RICOS --
18. M&#xE9;todos num&#xE9;ricos en general --
19. M&#xE9;todos num&#xE9;ricos en &#xE1;lgebra lineal --
20. M&#xE9;todos num&#xE9;ricos para ecuaciones diferenciales --
PARTE F: OPTIMIZACI&#xD3;N, GR&#xC1;FICAS --
21. Optimizaci&#xF3;n no restringida, programaci&#xF3;n lineal --
22. Gr&#xE1;ficas y an&#xE1;lisis combinatorio --
PARTE G: PROBABILIDAD Y ESTAD&#xCD;STICA --
23. Teor&#xED;a de probabilidad --
24. Estad&#xED;stica matem&#xE1;tica --
Ap&#xE9;ndices --
&#xCD;ndice
</subfield>
  </datafield>
  <datafield tag="520" ind1="2" ind2=" ">
    <subfield code="a">Este libro presenta a los estudiantes de ingenier&#xED;a, f&#xED;sica, matem&#xE1;ticas y ciencias de la computaci&#xF3;n las &#xE1;reas de las matem&#xE1;ticas que, desde una perspectiva moderna, poseen mayor importancia en relaci&#xF3;n con problemas pr&#xE1;cticos. El contenido y car&#xE1;cter de las matem&#xE1;ticas necesarias en aplicaciones pr&#xE1;cticas cambian con rapidez. Cada vez son m&#xE1;s importantes el &#xE1;lgebra lineal -las matrices en particular- y los m&#xE9;todos num&#xE9;ricos para computadoras. La estad&#xED;stica y la teor&#xED;a de las gr&#xE1;ficas desempe&#xF1;an papeles m&#xE1;s sobresalientes. El an&#xE1;lisis real (las ecuaciones diferenciales ordinarias y parciales) y el an&#xE1;lisis complejo siguen siendo indispensables. El material del presente texto, dividido en dos vol&#xFA;menes, est&#xE1; organizado consecuente mente en siete partes independientes (ver tambi&#xE9;n el diagrama de la p&#xE1;gina siguiente):
A Ecuaciones diferenciales ordinarias (cap&#xED;tulos 1-6) 
B &#xC1;lgebra lineal, c&#xE1;lculo vectorial (cap&#xED;tulos 7-9) 
C An&#xE1;lisis de Fourier y ecuaciones diferenciales parciales (cap&#xED;tulos I0, I1)
D An&#xE1;lisis complejo (cap&#xED;tulos 12-17)  
E M&#xE9;todos num&#xE9;ricos (cap&#xED;tulos 18-20)
F Optimizaci&#xF3;n, gr&#xE1;ficas (cap&#xED;tulos 21,22) 
G Probabilidad y estad&#xED;stica (cap&#xED;tulos 23, 24)
A lo que sigue: 
Bibliograf&#xED;a (ap&#xE9;ndice 1) 
Respuestas a los problemas de n&#xFA;mero impar (ap&#xE9;ndice 2) 
Material complementario (ap&#xE9;ndice 3) 
Demostraciones adicionales (ap&#xE9;ndice 4) 
Tablas de funciones (ap&#xE9;ndice 5) 
Este libro ha contribuido a allanar el camino para el progreso actual y capacitar&#xE1; a los estudiantes para la situaci&#xF3;n actual y el futuro mediante un tratamiento moderno de las &#xE1;reas mencionadas y de las ideas algunas de ellas relacionadas con la computaci&#xF3;n que dan lugar en la actualidad a cambios fundamentales; muchos m&#xE9;todos son ya obsoletos. Se hace hincapi&#xE9; en las ideas nuevas, por ejemplo, la estabilidad, la estimaci&#xF3;n de errores y problemas estructurales de algoritmos, por citar s&#xF3;lo algunas. Las tendencias se alimentan por la oferta y la demanda: oferta de nuevos y eficaces m&#xE9;todos matem&#xE1;ticos y num&#xE9;ricos aunados a los enormes recursos de las computadoras; la demanda de resolver problemas de complejidad y alcance crecientes, los cuales se originan de sistemas o procesos de producci&#xF3;n cada vez m&#xE1;s elaborados, de condiciones f&#xED;sicas extremas (por ejemplo, las de viajes espaciales), de materiales con propiedades inusuales (pl&#xE1;sticos, aleaciones, superconductores, etc.) o de tarcas por completo nuevas en el &#xE1;mbito de las computadoras, la rob&#xF3;tica y otros campos nuevos. </subfield>
  </datafield>
  <datafield tag="650" ind1="1" ind2="3">
    <subfield code="a">Matem&#xE1;ticas para ingenieros  </subfield>
    <subfield code="2">atg</subfield>
    <subfield code="9">157506</subfield>
  </datafield>
  <datafield tag="650" ind1="1" ind2="3">
    <subfield code="a">F&#xED;sica matem&#xE1;tica </subfield>
    <subfield code="9">41998</subfield>
    <subfield code="2">atg</subfield>
  </datafield>
  <datafield tag="650" ind1="1" ind2="3">
    <subfield code="a">An&#xE1;lisis matem&#xE1;tico </subfield>
    <subfield code="9">5988</subfield>
    <subfield code="2">atg</subfield>
  </datafield>
  <datafield tag="650" ind1="1" ind2="3">
    <subfield code="a">Engineering mathematics </subfield>
    <subfield code="9">153115</subfield>
    <subfield code="2">atg</subfield>
  </datafield>
  <datafield tag="650" ind1="1" ind2="3">
    <subfield code="a">Mathematical physics</subfield>
    <subfield code="2">atg</subfield>
  </datafield>
  <datafield tag="700" ind1="1" ind2=" ">
    <subfield code="a">Pi&#xF1;a Garc&#xED;a, Rodolfo</subfield>
    <subfield code="9">137897</subfield>
    <subfield code="e">traductor</subfield>
  </datafield>
  <datafield tag="700" ind1="1" ind2=" ">
    <subfield code="a">Villag&#xF3;mez Vel&#xE1;zquez, Hugo</subfield>
    <subfield code="9">149620</subfield>
    <subfield code="e">traductor</subfield>
  </datafield>
  <datafield tag="901" ind1=" " ind2=" ">
    <subfield code="a">517.38 K74 2000</subfield>
  </datafield>
  <datafield tag="902" ind1=" " ind2=" ">
    <subfield code="a">M</subfield>
  </datafield>
  <datafield tag="905" ind1=" " ind2=" ">
    <subfield code="a">5232272000                          MX m   8222223322SPA16</subfield>
  </datafield>
  <datafield tag="942" ind1=" " ind2=" ">
    <subfield code="c">LIBRO</subfield>
    <subfield code="2">ddc</subfield>
  </datafield>
  <datafield tag="999" ind1=" " ind2=" ">
    <subfield code="c">209273</subfield>
    <subfield code="d">209273</subfield>
  </datafield>
  <datafield tag="952" ind1=" " ind2=" ">
    <subfield code="0">0</subfield>
    <subfield code="1">0</subfield>
    <subfield code="2">ddc</subfield>
    <subfield code="4">0</subfield>
    <subfield code="5">1</subfield>
    <subfield code="7">0</subfield>
    <subfield code="8">GRAL</subfield>
    <subfield code="a">IA_</subfield>
    <subfield code="b">IA_</subfield>
    <subfield code="d">2001-09-25</subfield>
    <subfield code="e">Compra</subfield>
    <subfield code="h">Volumen: 2 </subfield>
    <subfield code="i">C/e</subfield>
    <subfield code="l">0</subfield>
    <subfield code="o">517.38  K74 2000</subfield>
    <subfield code="p">1102005103</subfield>
    <subfield code="r">2022-06-01 00:00:00</subfield>
    <subfield code="t">Ej. 1</subfield>
    <subfield code="y">LIBRO</subfield>
  </datafield>
  <datafield tag="952" ind1=" " ind2=" ">
    <subfield code="0">0</subfield>
    <subfield code="1">0</subfield>
    <subfield code="2">ddc</subfield>
    <subfield code="4">0</subfield>
    <subfield code="5">1</subfield>
    <subfield code="7">0</subfield>
    <subfield code="8">GRAL</subfield>
    <subfield code="a">IA_</subfield>
    <subfield code="b">IA_</subfield>
    <subfield code="d">2001-09-25</subfield>
    <subfield code="e">Compra</subfield>
    <subfield code="h">Volumen: 1 </subfield>
    <subfield code="i">C/e</subfield>
    <subfield code="l">2</subfield>
    <subfield code="m">2</subfield>
    <subfield code="o">517.38  K74 2000</subfield>
    <subfield code="p">1102005098</subfield>
    <subfield code="r">2022-11-09 00:00:00</subfield>
    <subfield code="s">2022-11-09</subfield>
    <subfield code="t">Ej. 1</subfield>
    <subfield code="y">LIBRO</subfield>
  </datafield>
  <datafield tag="952" ind1=" " ind2=" ">
    <subfield code="0">0</subfield>
    <subfield code="1">0</subfield>
    <subfield code="2">ddc</subfield>
    <subfield code="4">0</subfield>
    <subfield code="5">5</subfield>
    <subfield code="7">0</subfield>
    <subfield code="8">GRAL</subfield>
    <subfield code="a">IA_</subfield>
    <subfield code="b">IA_</subfield>
    <subfield code="d">2001-09-25</subfield>
    <subfield code="e">Compra</subfield>
    <subfield code="h">Volumen: 1 </subfield>
    <subfield code="i">C/e</subfield>
    <subfield code="l">0</subfield>
    <subfield code="o">517.38 K74 2000</subfield>
    <subfield code="p">1102005099</subfield>
    <subfield code="r">2022-06-01 00:00:00</subfield>
    <subfield code="t">Ej. 2</subfield>
    <subfield code="y">LIBRO</subfield>
  </datafield>
  <datafield tag="952" ind1=" " ind2=" ">
    <subfield code="0">0</subfield>
    <subfield code="1">0</subfield>
    <subfield code="2">ddc</subfield>
    <subfield code="4">0</subfield>
    <subfield code="5">5</subfield>
    <subfield code="7">0</subfield>
    <subfield code="8">GRAL</subfield>
    <subfield code="a">IA_</subfield>
    <subfield code="b">IA_</subfield>
    <subfield code="d">2001-09-25</subfield>
    <subfield code="e">Compra</subfield>
    <subfield code="h">Volumen: 1 </subfield>
    <subfield code="i">C/e</subfield>
    <subfield code="l">0</subfield>
    <subfield code="o">517.38  K74 2000</subfield>
    <subfield code="p">1102005100</subfield>
    <subfield code="r">2022-06-01 00:00:00</subfield>
    <subfield code="t">Ej. 3</subfield>
    <subfield code="y">LIBRO</subfield>
  </datafield>
  <datafield tag="952" ind1=" " ind2=" ">
    <subfield code="0">0</subfield>
    <subfield code="1">0</subfield>
    <subfield code="2">ddc</subfield>
    <subfield code="4">0</subfield>
    <subfield code="5">5</subfield>
    <subfield code="7">0</subfield>
    <subfield code="8">GRAL</subfield>
    <subfield code="a">IA_</subfield>
    <subfield code="b">IA_</subfield>
    <subfield code="d">2001-09-25</subfield>
    <subfield code="e">Compra</subfield>
    <subfield code="h">Volumen: 1 </subfield>
    <subfield code="i">C/e</subfield>
    <subfield code="l">1</subfield>
    <subfield code="o">517.38  K74 2000</subfield>
    <subfield code="p">1102005101</subfield>
    <subfield code="r">2022-08-25 00:00:00</subfield>
    <subfield code="s">2022-08-25</subfield>
    <subfield code="t">Ej. 4</subfield>
    <subfield code="y">LIBRO</subfield>
  </datafield>
  <datafield tag="952" ind1=" " ind2=" ">
    <subfield code="0">0</subfield>
    <subfield code="1">0</subfield>
    <subfield code="2">ddc</subfield>
    <subfield code="4">0</subfield>
    <subfield code="5">5</subfield>
    <subfield code="7">0</subfield>
    <subfield code="8">GRAL</subfield>
    <subfield code="a">IA_</subfield>
    <subfield code="b">IA_</subfield>
    <subfield code="d">2013-05-15</subfield>
    <subfield code="e">Compra</subfield>
    <subfield code="h">Volumen: 1 </subfield>
    <subfield code="i">C/e</subfield>
    <subfield code="l">0</subfield>
    <subfield code="o">517.38 K74 2000</subfield>
    <subfield code="p">1102005102</subfield>
    <subfield code="r">2022-06-01 00:00:00</subfield>
    <subfield code="t">Ej. 5</subfield>
    <subfield code="y">LIBRO</subfield>
  </datafield>
</record>
